000 00558cam a2200169 4500
082 _a624.171
_bMAR
_cL-38 P-81
100 1 _aMartin, Harold C.
_942764
245 1 0 _aIntroduction to matrix methods of structural analysis
_c[by] Harold C. Martin.
260 _aNew York,
_bMcGraw-Hill
_c[c1966]
300 _axii, 331 p.
_billus.
_c23 cm.
526 _a0
_b0
_c0
_d624_171000000000000_MAR
526 _a0
_b0
_c0
_d624_171000000000000_MAR
650 0 _aMatrices.
_92986
650 0 _aMCE
_9379
650 0 _aStructural analysis (Engineering)
_9654
942 _2ddc
_cBK
999 _c546607
_d546607